| 000 | 00368nam a2200157Ia 4500 | ||
|---|---|---|---|
| 008 | 221030s9999 xx 000 0 und d | ||
| 020 | _a8186555463 | ||
| 041 | _aEnglish | ||
| 082 |
_a105.23 _bGup |
||
| 100 | _aM. Gupta | ||
| 245 | 0 | _aEngineering Mathematics Vol. I | |
| 260 |
_bG. K. Pub _aJabalpur _c0 |
||
| 300 | _a12.36 | ||
| 650 | _aBE Mathematics | ||
| 942 | _cBK | ||
| 999 |
_c6918 _d6918 |
||